000 01324nam0a22002891 4500
001 v19\rc\1286637
005 20060306184755.6
035 _a(NLR Aleph) 004435422
090 _a4326916
_c4326916
100 _a20060306e18481848|||y0rusy50 ca
101 1 _arus
_cger
102 _aRU
105 _ay z |||||
200 1 _aТерминология овцеводства и шерстоведения, с сведениями об овцах разных пород во всех странах света
_fСоч. К.Ф.В. Иеппе, великогерцогского Мекленбург. экономии советника, напеч. в Ростоке в 1847 г.
_gПер. с нем. Николай Виноградский
210 _aМосква
_cУнив. тип.
_d1848
215 _a127 с.
_d24
311 _aСт. из Журн. сел. хоз-ва и овцеводства
488 0 _12001#$aЖурнал сельского хозяйства и овцеводства
700 1 _aИеппе
_bК. Ф. В.
_gКарл Фридрих Вильгельм
702 1 _aВиноградский
_bН.
_gНиколай
_4730
801 0 _aRU
_bNLR
_gpsbo
801 0 _aRU
_bRuMoRGB
_2psbo
801 1 _aRU
_bProSoft-M
_2rusmarc
852 _aNLR
_j18.100.2.51
899 _aБАН
942 _cBOOK
980 _aNB